01845nam a22002057a 450000500170000000800410001704000290005808200120008710000430009924201100014224501030025226000610035530000390041650004570045550506260091250600210153854600220155965000350158165000230161620240604104002.0240604s1940 xxu||||f |||| 00| 0 eng d cSandra YazodSandra Yazo04220a6571 aLeerburger, Franklin Jeffersond1902- 00aDepreciación estimada actual de las propiedades de uso públicocpor Franklin Jefferson Leerburgeyspa10aEstimated “actual” depreciation of public utility propertiescby Franklin Jefferson Leerburger aNew York (Estados Unidos)b[Editorial desconocida]c1940 avii, 89, [1] páginasc23 x 15 cm aDetalles físicos: Encuadernación rígida. Cartón forrado en tela. Lomo con letras en dorado. Tapa delantera con grabado en dorado. Guardas. Portada impresa en una sola tinta. Índice. Texto impreso en una sola columna, con diferentes tipos y tamaños de letra. Notas de pie de página. Márgenes amplios. Fórmulas matemáticas. Cuadros y tablas. Bibliografía. Página 5 con arruga de origen. Esquinas inferiores de las tapas, dobladas.0 aEl problema de la depreciación y sus antecedentes ; Métodos actuales para tratar la depreciación ; Discusión de la consistencia de la depreciación anual y la acumulada ; Implicaciones del término depreciación ; El concepto de depreciación como elemento de los costos totales de producción ; La depreciación como factor determinante de las relaciones entre la utilidad pública y sus consumidores ; Comparación de algunos aspectos de los negocios de beneficio público con los estándares de competitividad ; Depreciación actual estimada ; La depreciación anual ; Conclusiones ; Bibliografía aConsulta en sala aTexto en inglés 7aDepreciación (Contabilidad)  7aBienes públicos